Statistics for Jeopardy #8576

Click here to take the quiz!

General Stats

  • This quiz has been taken 29 times
  • The average score is 11 of 61

Answer Stats

CategoryCashClueAnswer% Correct
POP CULTURE STUPID ANSWERS$200In the "Shrek" movies, it's the name of the donkey voiced by Eddie MurphyDonkey
84%
CLASSIC NOVELS$200It gave us the phrase "Big Brother is watching you"1984
79%
COMMERCIAL SLOGANS$200"I'm lovin' it" at this global chainMcDonald\'s
79%
GEOGRAPHY$400This mountain range of southwestern Europe runs from the Mediterranean to the Bay of Biscaythe Pyrenees
63%
POP CULTURE STUPID ANSWERS$400In this 1997 film Jack Nicholson asks a group of psychiatric patients, "What if this is as good as it gets?"As Good as It Gets
53%
AMERICAN FIVES$800It's the only one of New York City's 5 boroughs that's not on an islandthe Bronx
53%
AMERICAN FIVES$400Sigmund was the birth name of Jackie, the oldest brother in this musical fivesomeThe Jackson 5
53%
COMMERCIAL SLOGANS$600"Always low prices" gave way to "Save money. Live better." at this mega-retailerWalmart
53%
SMELL YOU LATER$800Ask the Tesla guy; the name of this 4-letter type of pungent odor derives from a certain male deermusk
42%
POP CULTURE STUPID ANSWERS$1000Redd Foxx of TV's "Sanford and Son" had the real name John thisSanford
42%
SMELL YOU LATER$400This word meaning to get a faint smell of something also refers to a baseball batter missing a pitch entirelywhiff
42%
COMMERCIAL SLOGANS$400For many years Sprite commanded us to "Obey" thisyour thirst
42%
POP CULTURE STUPID ANSWERS$800Before co-starring in "Get Out", Allison Williams played one of the girls on this HBO seriesGirls
37%
SMELL YOU LATER$200Horatio is told that "Something is" this "in the state of Denmark"; in other words, something stinksrotten
37%
AMERICAN FIVES$200Of the 5 California MLB teams, the one that plays its home games the farthest souththe Padres
37%
AMERICAN FIVES$6005 British rulers have U.S. states named for them: 2 Charleses; 1 George; James II, former Duke of York; & this monarchElizabeth I
32%
SMELL YOU LATER$600One's position in an army, or a truly foul smellrank
32%
CLASSIC NOVELS$800In its original French, this novel is titled "Vingt mille lieues sous les mers"Twenty Thousand Leagues Under the Sea
26%
GEOGRAPHY$600The Aleutians divide the Bering Sea from the Pacific, but are still part of the belt with this un-icy namethe Ring of Fire
21%
COMMERCIAL SLOGANS$800We've been instructed to "Protect this house" with this company's sports apparelUnder Armour
21%
SCIENCE$400Newton's second law of motion is expressed as F=ma, with "a" standing for thisacceleration
16%
POP CULTURE STUPID ANSWERS$600It's the eponymous title of the 1988 collection of early hits by R.E.M. on I.R.S. RecordsEponymous
16%
GEOGRAPHY$200In Egypt an area of springs known as the siwa this is a fertile area once home to a temple of Zeus AmmonOasis
16%
GEOGRAPHY$800Kangaroo Island is situated on the Gulf of St. Vincent, an inlet of this oceanthe Indian Ocean
16%
CLASSIC NOVELS$400This classic by Stephen Crane has been called "the first modern war novel"The Red Badge of Courage
16%
GEOGRAPHY$1000Located in Arkansas, Lake Chicot is the USA's largest lake of this type formed by a bend in a riveran oxbow lake
11%
COMMERCIAL SLOGANS$1000"Helping investors help themselves" was used by this man's discount brokerageCharles Schwab
11%
CLASSIC NOVELS$600In this Ralph Ellison novel, the protagonist hides in a manhole to escape a Harlem riotInvisible Man
11%
POTPOURRI$800The Hawaiian name of this fish means "strong strong"mahi-mahi
11%
HISTORY BOOKS$400Unfortunate Martha Corey was one of "The Witches" in Stacy Schiff's narrative of events surrounding this village in 1692Salem
11%
BEHIND THE OLD TESTAMENT NAME$800"Oh" this name, "don't you cry for me", it comes from a word meaning "lily"Susanna
11%
BEHIND THE OLD TESTAMENT NAME$400Appropriately, his name means "man" or "man of the red earth"Adam
5%
HISTORY BOOKS$1200"Blood & Iron", a history of Germany 1871-1918, gets its title from a quote by this chancellor who's big in the bookBismarck
5%
BEHIND THE OLD TESTAMENT NAME$1600Here's the buzz--the name of this prophetess who appears in Judges comes from the Hebrew for "bee"Deborah
5%
CLASSIC NOVELS$1000Leo in this L.P. Hartley novel is this title person, carrying messages to further an illicit love affairThe Go-Between
5%
BEHIND THE OLD TESTAMENT NAME$2000This son, this son of David had a name meaning "father of peace"Absalom
0%
POTPOURRI$400Jewelers make these fasteners in all kinds of styles; here's a bracelet with a snake onea clasp
0%
JOHNNY GILBERT READS LYRICS FROM THE HEART$400"Never mind, I'll find someone like you, I wish nothing but the best for you too"Adele
0%
POTPOURRI$1200Arizona's state flower is the blossom of this cactusa saguaro
0%
BEHIND THE OLD TESTAMENT NAME$1200This youngest son of Jacob had a name meaning "son of my right hand"Benjamin
0%
SCIENCE$2000Discus hurlers can throw farther into a headwind; increased speed of air over the discus creates lift, per this Swiss man's "principle"Bernoulli
0%
PART LATIN BEFORE & AFTER$400I think, therefore I am. The redundant-sounding result of having countedcogito ergo sum total
0%
PART LATIN BEFORE & AFTER$1600"Body of Jesus" & an "Uptown Girl", onetime wife of Billy JoelCorpus Christi Brinkley
0%
SCIENCE$1600From words meaning "container" & "to mold", it's the semifluid region within a living cell excluding the nucleuscytoplasm
0%
THE MIDWESTN/AAt about 90,000 it's the most populous U.S. city on North America's biggest lakeDuluth, Minnesota
0%
JOHNNY GILBERT READS LYRICS FROM THE HEART$2000"I care for you still & I will forever... honest, we got so familiar spending each day of the year, white Ferrari"Frank Ocean
0%
SMELL YOU LATER$1000This body part adjective can mean intoxicating, shrewd or having a pleasing smellheady
0%
SCIENCE$800This branch of zoology is specifically the study of reptiles & amphibiansherpetology
0%
JOHNNY GILBERT READS LYRICS FROM THE HEART$1600"I get the joy of rediscovering you, oh girl, you stand by me, I'm forever yours... faithfully", then some whoa oh ohsJourney
0%
PART LATIN BEFORE & AFTER$1200Crockett & Tubbs, or is it Tubbs & Crockett? Either way is fineMiami Vice versa
0%
POTPOURRI$1600Martin Luther King Jr. attended this historically Black men's college in AtlantaMorehouse
0%
PART LATIN BEFORE & AFTER$800Really cheap poker stakes "before noon"penny ante meridiem
0%
HISTORY BOOKS$1600Reversing a phrase from the book of Isaiah, Arno Mayer's history of the state of Israel is titled these "into Swords"Plowshares
0%
PART LATIN BEFORE & AFTER$2000Initial-surnamed female percussionist & protege of Prince on our national currency, "out of many, one"Shiela E pluribus unum
0%
SCIENCE$1200O say, can you see--SrCO3, this two-word compound that causes the red glare seen herestrontium carbonate
0%
JOHNNY GILBERT READS LYRICS FROM THE HEART$1200"Life was a willow & it bent right to your wind (oh)... I'm begging for you to take my hand, wreck my plans, that's my man"Taylor Swift
0%
JOHNNY GILBERT READS LYRICS FROM THE HEART$800"& You come to me on a summer breeze, keep me warm in your love then you softly leave, & it's me you need to show, how deep is your love"the Bee Gees
0%
AMERICAN FIVES$1000In 1915, Tiffany & Co. designed the seal of this five-commissioner commission that protects consumers in fair competitionthe FTC (Federal Trade Commission)
0%
HISTORY BOOKS$2000"The Rise & Spectacular Fall of God's Holy Warriors" is the subtitle of a recent history of this medieval order of knightsthe Knights Templar
0%
POTPOURRI$2000Seen here is this German couple, both of whom were composers; she was a piano prodigythe (Robert & Clara) Schumanns
0%
HISTORY BOOKS$800From the ancient Maya to the 21st century, "The Smoke of the Gods" is Eric Burns' history of this plant & its effects upon societytobacco
0%

Score Distribution

Percentile by Number Answered

Percent of People with Each Score

Your Score History

You have not taken this quiz